[Event "Swansea West Wales op"]
[Site "Swansea"]
[Date "2022.11.12"]
[Round "2"]
[White "Jukes, Sam"]
[Black "Golding, James"]
[Result "1/2-1/2"]
[WhiteElo "1921"]
[BlackElo "2096"]
[PlyCount "45"]
[EventDate "2022.11.11"]
[EventType "swiss"]
[EventRounds "5"]
[EventCountry "WLS"]
[SourceTitle "EXT 2024"]
[Source "ChessBase"]
[SourceDate "2023.10.10"]
[SourceVersion "1"]
[SourceVersionDate "2023.10.10"]
[SourceQuality "1"]

1. e4 e5 2. Nf3 Nc6 3. Bc4 Nf6 4. d3 Bc5 5. c3 a6 6. Bb3 d6 7. 0-0 Ba7 8. Nbd2 Ne7 9. Re1 Ng6 10. Nf1 0-0 11. a4 Re8 12. Be3 Bxe3 13. Nxe3 b6 14. Ng5 Nh8 15. Qd2 Bb7 16. Nf5 d5 17. exd5 Nxd5 18. g3 Qd7 19. Bxd5 Qxd5 20. Ne4 Rad8 21. Qh6 gxh6 22. Nf6+ Kf8 23. Nxh7+ 1/2-1/2

[Event "BCF-chT3W 2223 (4NCL)"]
[Site "England"]
[Date "2022.10.23"]
[Round "2.36"]
[White "Jukes, Sam"]
[Black "Ukken, Somton"]
[Result "0-1"]
[WhiteElo "1975"]
[BlackElo "1983"]
[PlyCount "89"]
[EventDate "2022.10.22"]
[EventType "team-tourn"]
[EventRounds "11"]
[EventCountry "ENG"]
[SourceTitle "EXT 2024"]
[Source "ChessBase"]
[SourceDate "2023.10.10"]
[SourceVersion "1"]
[SourceVersionDate "2023.10.10"]
[SourceQuality "1"]
[WhiteTeam "West is Best II"]
[BlackTeam "Ashfield"]
[WhiteTeamCountry "WLS"]
[BlackTeamCountry "ENG"]

1. e4 Nc6 2. Nf3 f5 3. exf5 Nf6 4. d4 d5 5. Bb5 Bxf5 6. Ne5 Bd7 7. Bxc6 Bxc6 8. 0-0 g6 9. Qd3 Bg7 10. b4 Bd7 11. Nd2 0-0 12. Nxd7 Nxd7 13. Nf3 e5 14. dxe5 Nxe5 15. Nxe5 Bxe5 16. Rb1 c6 17. Qe3 Qf6 18. Qg5 Qd6 19. f4 Bd4+ 20. Kh1 Rf5 21. Qg3 Raf8 22. Qd3 Be5 23. Be3 Qf6 24. g4 Rxf4 25. Bxf4 Bxf4 26. c4 Rd8 27. Rbe1 g5 28. Rf3 dxc4 29. Qxc4+ Kg7 30. Qe4 Rd7 31. Rd3 Rf7 32. Red1 Qh6 33. Qg2 Qe6 34. Qb2+ Kg6 35. Qd4 Qxa2 36. Qe4+ Kg7 37. Rh3 h6 38. Qd4+ Kg6 39. Qd8 Qe2 40. Qg8+ Rg7 41. Rxh6+ Kxh6 42. Qh8+ Kg6 43. Qh5+ Kf6 44. Rg1 Qe4+ 45. Rg2 0-1

[Event "South Wales Autumn op"]
[Site "Cardiff"]
[Date "2022.10.15"]
[Round "3"]
[White "Horrell, Stephen A"]
[Black "Jukes, Sam"]
[Result "0-1"]
[WhiteElo "1600"]
[BlackElo "1902"]
[PlyCount "96"]
[EventDate "2022.10.15"]
[EventType "swiss"]
[EventRounds "5"]
[EventCountry "WLS"]
[SourceTitle "EXT 2024"]
[Source "ChessBase"]
[SourceDate "2023.10.10"]
[SourceVersion "1"]
[SourceVersionDate "2023.10.10"]
[SourceQuality "1"]

1. e4 c5 2. Nc3 Nc6 3. f4 d6 4. Nf3 e5 5. fxe5 dxe5 6. Bb5 Bd6 7. Bxc6+ bxc6 8. 0-0 Bg4 9. d3 Ne7 10. Qe1 0-0 11. b3 a5 12. Ba3 Ng6 13. Na4 f5 14. Nd2 Qg5 15. exf5 Bxf5 16. Ne4 Bxe4 17. Qxe4 Nf4 18. Kh1 Rf6 19. g3 Nh3 20. Qg2 Qh5 21. Rxf6 gxf6 22. Rf1 Rf8 23. Qf3 Qg5 24. Bc1 Qg6 25. Qf5 Qxf5 26. Rxf5 Kg7 27. Kg2 Kg6 28. Rf1 Ng5 29. Ba3 Ne6 30. Bb2 f5 31. Nb6 Nd4 32. Bxd4 cxd4 33. Nc4 Bc7 34. a4 Rf6 35. Re1 Re6 36. Kf3 h5 37. h3 Kg5 38. h4+ Kf6 39. Re2 Re7 40. Re1 Ke6 41. Re2 Kd5 42. Nd2 Kc5 43. Nc4 Kb4 44. Kf2 Kc3 45. Kf3 Re8 46. Kf2 e4 47. dxe4 fxe4 48. g4 e3+ 0-1

[Event "South Wales Autumn op"]
[Site "Cardiff"]
[Date "2022.10.15"]
[Round "1"]
[White "MacDonald, Duncan"]
[Black "Jukes, Sam"]
[Result "0-1"]
[WhiteElo "1537"]
[BlackElo "1902"]
[PlyCount "108"]
[EventDate "2022.10.15"]
[EventType "swiss"]
[EventRounds "5"]
[EventCountry "WLS"]
[SourceTitle "EXT 2024"]
[Source "ChessBase"]
[SourceDate "2023.10.10"]
[SourceVersion "1"]
[SourceVersionDate "2023.10.10"]
[SourceQuality "1"]

1. c4 b6 2. Nc3 Bb7 3. d4 Nf6 4. Nf3 e6 5. a3 Be7 6. g3 0-0 7. Bg2 Ne4 8. 0-0 d6 9. Qc2 Nxc3 10. Qxc3 Nd7 11. Rd1 Qe8 12. b4 f5 13. Bb2 Be4 14. Qe3 Nf6 15. h3 Qg6 16. Qg5 Qf7 17. Qe3 h6 18. Nd2 Bxg2 19. Kxg2 Ne4 20. Rf1 Nxd2 21. Qxd2 f4 22. Qd3 a5 23. b5 Rad8 24. Rac1 Bg5 25. Rce1 Qh5 26. Qf3 Qg6 27. Qd3 f3+ 28. Kh2 Qh5 29. Qe4 Bd2 30. exf3 Bxe1 31. Rxe1 Qxf3 32. Qxf3 Rxf3 33. Kg2 Rdf8 34. Re2 R8f6 35. Rc2 Rb3 36. Bc1 Kf7 37. f4 g5 38. fxg5 hxg5 39. Bxg5 Rff3 40. Bf4 Rbc3 41. Rd2 Rxa3 42. c5 Rad3 43. Re2 bxc5 44. dxc5 e5 45. cxd6 cxd6 46. Bd2 Rxg3+ 47. Kh2 Rxh3+ 48. Kg2 Rdg3+ 49. Kf1 Rh1+ 50. Kf2 Rh2+ 51. Kxg3 Rxe2 52. Bxa5 Rb2 53. Bc7 Ke6 54. b6 Kd7 0-1

[Event "South Wales op 17th"]
[Site "Bridgend"]
[Date "2022.07.11"]
[Round "8"]
[White "Jukes, Sam"]
[Black "Thomas, Roy"]
[Result "1-0"]
[WhiteElo "1906"]
[BlackElo "1673"]
[PlyCount "71"]
[EventDate "2022.07.07"]
[EventType "swiss"]
[EventRounds "9"]
[EventCountry "WLS"]
[SourceTitle "CBM 209 Extra"]
[Source "ChessBase"]
[SourceDate "2022.09.30"]
[SourceVersion "1"]
[SourceVersionDate "2022.09.30"]
[SourceQuality "1"]

1. e4 c5 2. Nf3 Nc6 3. d4 cxd4 4. Nxd4 e5 5. Nb5 d6 6. N1c3 a6 7. Na3 Be7 8. Nc4 Nf6 9. Bg5 b5 10. Bxf6 gxf6 11. Ne3 Bb7 12. Nf5 Qa5 13. a4 Qb4 14. Qd2 Nd4 15. Nxe7 Kxe7 16. Bd3 Qc5 17. b4 Qb6 18. Ne2 Rhg8 19. Nxd4 Qxd4 20. c3 Qb6 21. 0-0 f5 22. Qh6 f4 23. Qh4+ Kd7 24. Qf6 Raf8 25. axb5 axb5 26. Rfd1 Bc6 27. Bf1 Bb7 28. Qxe5 Rg6 29. Bxb5+ Kd8 30. Bf1 Re8 31. Qxf4 Rxe4 32. Qxf7 Reg4 33. Qf8+ Kd7 34. Qf5+ Kc7 35. Re1 Bxg2 36. Re7+ 1-0

[Event "South Wales op 17th"]
[Site "Bridgend"]
[Date "2022.07.08"]
[Round "3"]
[White "Smith, Olivia"]
[Black "Jukes, Sam"]
[Result "1-0"]
[WhiteElo "2038"]
[BlackElo "1906"]
[PlyCount "75"]
[EventDate "2022.07.07"]
[EventType "swiss"]
[EventRounds "9"]
[EventCountry "WLS"]
[SourceTitle "CBM 209 Extra"]
[Source "ChessBase"]
[SourceDate "2022.09.30"]
[SourceVersion "1"]
[SourceVersionDate "2022.09.30"]
[SourceQuality "1"]

1. e4 c5 2. Nf3 Nc6 3. Bb5 g6 4. 0-0 Bg7 5. c3 e5 6. d4 cxd4 7. cxd4 exd4 8. Bf4 a6 9. Bc4 d6 10. Nbd2 Nge7 11. a4 0-0 12. Ba2 d5 13. Re1 Nb4 14. Bb1 dxe4 15. Nxe4 Nf5 16. a5 Nc6 17. Qd2 Nh4 18. Nxh4 Qxh4 19. Bg5 Qh5 20. Nf6+ Bxf6 21. Bxf6 Bf5 22. Ba2 g5 23. Bd5 Qg6 24. Bxg5 Rfe8 25. h4 d3 26. Ra4 Rac8 27. g4 Qd6 28. Bg2 Bg6 29. h5 Rxe1+ 30. Qxe1 Ne5 31. hxg6 d2 32. Bxd2 hxg6 33. Re4 Nd3 34. Re8+ Kg7 35. Bc3+ f6 36. Qe7+ Qxe7 37. Rxe7+ Kf8 38. Rxb7 1-0

[Event "Cardiff Welsh op"]
[Site "Cardiff"]
[Date "2022.04.15"]
[Round "2"]
[White "Jukes, Sam"]
[Black "Binesmael, Mohamed"]
[Result "1-0"]
[WhiteElo "1850"]
[BlackElo "1642"]
[PlyCount "87"]
[EventDate "2022.04.15"]
[EventType "swiss"]
[EventRounds "7"]
[EventCountry "WLS"]
[SourceTitle "CBM 207 Extra"]
[Source "ChessBase"]
[SourceDate "2022.05.31"]
[SourceVersion "1"]
[SourceVersionDate "2022.05.31"]
[SourceQuality "1"]

1. e4 c6 2. d4 d5 3. Nc3 dxe4 4. Nxe4 Bf5 5. Ng3 Bg6 6. N1e2 e6 7. Nf4 Qc7 8. Nxg6 hxg6 9. Qf3 Nf6 10. Bd3 Bd6 11. Ne4 Nxe4 12. Bxe4 Nd7 13. Bg5 Qa5+ 14. Bd2 Qb6 15. 0-0-0 Qxd4 16. Bc3 Qc5 17. Bxg7 Rh4 18. g3 Rh5 19. h4 Ne5 20. Qe2 0-0-0 21. Bf6 Rd7 22. g4 Rh7 23. Kb1 Be7 24. Bxe5 Qxe5 25. Rxd7 Bf6 26. c3 Kxd7 27. Rd1+ Kc7 28. Qd3 Rxh4 29. Qd7+ Kb6 30. Rd4 a5 31. b4 Qb5 32. Bd3 Rh1+ 33. Kb2 Qg5 34. f4 Qxg4 35. bxa5+ Ka7 36. a6 Qg2+ 37. Ka3 Rb1 38. Bxb1 Kxa6 39. Bd3+ Kb6 40. Rb4+ Kc5 41. Qxb7 Qd2 42. Rc4+ Kd6 43. Rxc6+ Kd5 44. Qb5# 1-0

[Event "Newcastle Northumbria Masters"]
[Site "Newcastle on Tyne"]
[Date "2021.08.28"]
[Round "5"]
[White "Milson, Samuel"]
[Black "Jukes, Sam"]
[Result "1/2-1/2"]
[WhiteElo "2106"]
[BlackElo "1846"]
[PlyCount "55"]
[EventDate "2021.08.26"]
[EventType "swiss"]
[EventRounds "9"]
[EventCountry "ENG"]
[SourceTitle "CBM 204 Extra"]
[Source "ChessBase"]
[SourceDate "2021.11.30"]
[SourceVersion "1"]
[SourceVersionDate "2021.11.30"]
[SourceQuality "1"]

1. e4 c5 2. Nc3 a6 3. d3 b5 4. g3 Bb7 5. Bg2 Nf6 6. f4 e6 7. Nf3 Be7 8. 0-0 0-0 9. Qe2 Nc6 10. e5 Ne8 11. Ne4 f5 12. Nf2 Nd4 13. Qd1 Qc7 14. c3 Nxf3+ 15. Bxf3 Rc8 16. Re1 Bxf3 17. Qxf3 Qc6 18. Qxc6 Rxc6 19. c4 Nc7 20. b3 d5 21. Rd1 Rd8 22. Ba3 b4 23. Bb2 d4 24. Kf1 Rb6 25. Ke2 Kf7 26. Kd2 Rbb8 27. Rg1 h5 28. h4 1/2-1/2

[Event "Leamington Spa 4NCL op 25th"]
[Site "Leamington Spa"]
[Date "2021.07.11"]
[Round "5"]
[White "Jukes, Sam"]
[Black "Freeland, Alex"]
[Result "0-1"]
[WhiteElo "1871"]
[BlackElo "2003"]
[PlyCount "54"]
[EventDate "2021.07.09"]
[EventType "swiss"]
[EventRounds "5"]
[EventCountry "ENG"]
[SourceTitle "CBM 203 Extra"]
[Source "ChessBase"]
[SourceDate "2021.09.30"]
[SourceVersion "1"]
[SourceVersionDate "2021.09.30"]
[SourceQuality "1"]

1. e4 e6 2. d4 d5 3. Nc3 Nf6 4. e5 Nfd7 5. Nce2 c5 6. c3 Nc6 7. Nf3 Qb6 8. a3 Be7 9. g3 0-0 10. Bg2 f6 11. exf6 Nxf6 12. 0-0 Bd7 13. b4 cxd4 14. cxd4 Ne4 15. Be3 Bf6 16. Ne5 Bxe5 17. dxe5 Qc7 18. Bxe4 dxe4 19. Bc5 Nxe5 20. Bxf8 Rxf8 21. Nd4 Nd3 22. Ra2 Qc4 23. Qa1 e5 24. Nc2 Be6 25. Rb2 Nxb2 26. Qxb2 Qe2 27. Qc1 Bh3 0-1